000 00258nam a2200097Ia 4500
001 1174800
005 20250827012639.0
008 250824s9999 xx 000 0 und d
245 0 _aMUCİZE ŞİFA 2-9 3
_cBÜLENT GARDİYANOĞLU
260 _bDESTEK YAYINLARI
999 _c1174800
_d1174800